Normale Ansicht MARC-Ansicht ISBD

Überlegungen zum Projekt eines Lexikons der Maler in Berlin und Brandenburg bis zum Geburtsjahrgang 1875/ (Titelsatznr. 80567)

[ MARC ]
MARC-Details
000 -Satzkennung
Kontrollfeld mit fester Länge 00595nam a2200169 4500
008 - Feld mit fester Länge zur physischen Beschreibung - Allgemeine Angaben
Kontrollfeld mit fester Länge 210112b ||||| |||| 00| 0 eng d
040 ## - Katalogisierungsquelle
Original-Katalogisierungsstelle STAFF
Katalogisierungssprache ger
Übertragungsstelle STAFF
Beschreibungsfestlegungen rda
041 ## - Sprachcode
Sprachcode des Textes/der Tonspur oder des separaten Titels ger
100 ## - Person oder Familie als 1. geistiger Schöpfer
Personenname Börsch-Supan, Helmut
245 ## - Titel
Haupttitel Überlegungen zum Projekt eines Lexikons der Maler in Berlin und Brandenburg bis zum Geburtsjahrgang 1875/
Verantwortlichkeitsangabe Helmut Börsch-Supan
600 ## - Nebeneintragung unter einem Schlagwort - Personenname
Personenname Nicolai, Friedrich
Datumsangaben in Verbindung mit einem Namen (1733-1811)
773 ## - Übergeordnete Einheit
Ort, Verlag und Erscheinungsjahr Berlin.
Titel Jahrbuch für Brandenburgische Landesgeschichte
Verknüpfungsangaben 70/2019, S. 189-204
Datensatzkontrollnummer 4647
942 ## - Zusätzliche Felder (Koha)
Koha-Medientyp Aufsätze
Exemplare
Ausgeschieden Verloren Beschädigt Nicht entleihbar Permanenter Standort Aktueller Standort Aufstellungsort Eingabedatum Jahrgang/Heft Anzahl Ausleihen Signatur Letzte Aktivität Preis gültig von Medientyp
        Stadtarchiv Frankfurt (Oder) | Archivbibliothek Stadtarchiv Frankfurt (Oder) | Archivbibliothek Magazin 12/01/2021 70/2019   II: 3884 12/01/2021 12/01/2021 Aufsätze